00581nam a2200157Ia 4500008004100000020001500041082002100056245004400077260004400121300001500165700002400180700002100204942000700225999001900232952017200251161229s9999 xx 000 0 und d a0195651529 a362.172 4 EHT/SO aSocial security in developing countries bOxford University PressaNew Yorkc1991 axviii, 477 aEhtisham, Ahmad,ed. aJean, Dreze, ed. cBK c152272d152272 00102ddc4270aKAUCLVbKAUCLVd2016-12-29g395.00l0o362.172 4 EHT/SOp903581r2016-12-29 00:00:00w2016-12-29yBKzBook transferred from CCBM Library ,Acc.No:10418